| 000 | 00476nam a2200157 i 4500 | ||
|---|---|---|---|
| 001 | 63428 | ||
| 005 | 20230411085921.0 | ||
| 008 | 081016b2007 ilua 000 0 eng | ||
| 040 | _aDRFGD | ||
| 050 | 1 | 4 | _a |
| 110 | _aCentro cultural del banco interamericano desarrollo. | ||
| 245 | 0 | 0 | _aObras eminentes de la colección del museo de arte de las américas de la organizació de los estados americanos (OEA). |
| 300 | _a44P ,ill | ||
| 942 |
_2lcc _cbk |
||
| 946 | _aclperez | ||
| 999 |
_c109266 _d109266 |
||